Statistiques concernant Personnages Mario 5/5

Cliquez ici pour prendre le quiz!

Statistiques générales

  • Ce quiz a été pris 30 fois
  • Le résultat moyen est 9 sur 18

Statistiques - réponses

DescriptionObjet% Correct
Champignon vert et blanc qui donne une vieChampignon 1UP
83%
Quand on en a cent, on gagne une viePièce
79%
Elle donne le pouvoir du feuFleur de feu
67%
Elle donne le pouvoir de la glaceFleur de glace
67%
Nouriture des singes, sa peau sert aussi à faire tomber ses adversaires dans Mario KartBanane
63%
Mario est plombier, il va dans des... (qui cachent souvent des pièces ou des passages secretsTuyau
63%
Quand un Koopa Troopa vert meurt, c'est ce qu'il reste de luiCarapace verte
58%
Si on tape dans ce bloc, on obtient diverse choses...Bloc ?
54%
Quand un Koopa Troopa rouge meurt, c'set ce qu'il reste de luiCarapace rouge
54%
Gros champignon jaune et rouge qui rend géant pendant quelques secondesMéga champignon
46%
Petit champignon bleu et blanc qui rend minuscule (sans être empoisoné)Mini-champignon
46%
Il y en a trois par niveau, elle sont grosses et marquées d'une étoilePièce étoile
46%
Bloc bleu qui provoque un tremblementBloc POW
42%
Elle rend invicibleSuper étoile
42%
Champignon rouge et blanc qui fait grandirSuper champignon
33%
Il sort des fesses de Yoshi (un d'un bloc ?)Œuf de Yoshi
25%
Elle transforme celui qui l'a en raton laveurSuper feuille
13%
Tonneau appartenant à la famille KongTonneau DK
13%

Distribution des résultats

Percentile par nombre de réponses

% des personnes avec chaque résultat

Votre développement - résultats

Vous n’avez pas pris ce quiz